000 00626nam a2200229Ia 4500
005 20230613092141.0
008 131103s9999 xx 000 0 und d
040 _aLoreto College
041 _aEnglish
082 _a300.1
_bMAC
100 _aMackenzie,J.S.
245 _aOutlines of social philosophy
_cJ.S.Mackenzie
250 _a2nd ed.
260 _aLondon
_bGeorge Allen & Unwin Ltd.
_c1922 (1927 printing)
300 _a284 p.
504 _aFoot notes and bibliographical references
630 _aSocial Science
650 _aPhilosophy and theory
651 _aSociology
850 _aLCLIB
942 _cBK
999 _c11524
_d62003